World Capital Quiz - Berlin - Statistics

General Stats
  • This quiz has been taken 63 times
  • The average score is 10 of 15
Answer Stats
question answer % Correct
Countries controlling each quarter of post-WW II Berlin France
96%
Countries controlling each quarter of post-WW II Berlin United Kingdom
96%
Countries controlling each quarter of post-WW II Berlin United States
93%
What is pictured? {Brandenburg} Gate
88%
Countries controlling each quarter of post-WW II Berlin Soviet Union
88%
Nearest national capital Prague
80%
Federal State (Bundesland) that Berlin is part of Berlin
73%
Nearest state capital, site of 1945 postwar conference Potsdam
66%
Name of Germany's national parliament Bundestag
63%
Was capital of this kingdom prior to German Unification in 1871 Prussia
59%
What, in English, is the Berliner Mauer? Berlin Wall
54%
Bundesliga (top division) football club, alongside Union Berlin {Hertha} BSC
50%
River that flows through Berlin Spree
48%
Literally "Deer Garden", Berlin's largest park Tiergarten
45%
1930's Hollywood actress, born and buried in Berlin Marlene Dietrich
43%
No matching quizzes found
Score Distribution
Percent of People with Each Score
Percentile by Number Answered
Your Score History
You have not taken this quiz